Top 10 des prénoms masculin les plus donnée en France en 2024 - Insee - Statistiques

Statistiques générales
  • Ce quiz a été pris 183 fois
  • Le résultat moyen est 4 sur 10
Statistiques - réponses
Prénom % Correct
4e Léo
66%
3e Louis
58%
1er Gabriel
53%
8e Jules
51%
6e Arthur
40%
2nd Raphaël
38%
5e Noah
36%
9e Maël
31%
10e Léon
27%
7e Adam
24%
Aucun quiz correspondant
Distribution des résultats
% des personnes avec chaque résultat
Percentile par nombre de réponses
Votre historique - résultats
Vous n’avez pas pris ce quiz